|
|
|
|
| LEADER |
00000nas a2200000 a 4500 |
| 001 |
vtls001476004 |
| 003 |
SK-MaSNL |
| 005 |
20260228160739.0 |
| 008 |
131003c20uu20uuxo ar 0 0b0slo |
| 020 |
|
|
|a 8096860224
|
| 035 |
|
|
|a SNK000431305
|
| 040 |
|
|
|a SNK
|b slo
|c SNK
|d BIN
|e AACR2
|
| 041 |
0 |
|
|a slo
|
| 044 |
|
|
|a xo
|c SK
|
| 072 |
|
7 |
|a 72/76
|x Výtvarné umenie
|2 konspekt
|
| 080 |
|
|
|a 74/76.05
|2 2001
|
| 080 |
|
|
|a 72/76
|2 2001
|
| 080 |
|
|
|a (058)
|2 2011
|
| 080 |
|
|
|a (082)
|2 2011
|
| 245 |
0 |
0 |
|a Zborník BIB ...
|b medzinárodné sympózium BIB ... : Bienále ilustrácií Bratislava ...
|
| 246 |
1 |
1 |
|a Miscellany BIB ...
|b miscellany of the international symposium BIB ... : Biennial of Illustrations Bratislava ...
|
| 260 |
|
|
|a [Bratislava]
|b Bibiana, medzinárodný dom umenia pre deti
|c [2001]-
|
| 300 |
|
|
|a zv.
|b ilustr.
|c 23 cm
|
| 310 |
|
|
|a 1x ročne
|
| 362 |
0 |
|
|a 2001-
|
| 500 |
|
|
|a Súčasťou názvu je označenie bežného roku
|
| 500 |
|
|
|a Popis podľa: R. 2001
|
| 500 |
|
|
|a Téma: Ilustračné sondy, ilustrátor a jeho ilustrácia
|
| 500 |
|
|
|a Theme: Illustration probes, the illustrator and his/her illustration
|
| 500 |
|
|
|a Zost.: Andrej Švec
|
| 611 |
2 |
7 |
|a Bienále ilustrácií Bratislava
|2 SNKKA
|9 32022
|
| 650 |
0 |
7 |
|a knižné ilustrácie
|2 SNKPH
|9 2742
|
| 650 |
0 |
7 |
|a výtvarné umenie
|2 SNKPH
|9 723
|
| 655 |
|
7 |
|a ročenky
|2 SNKPH
|9 57146
|
| 655 |
|
7 |
|a zborníky
|2 SNKPH
|9 70165
|
| 700 |
1 |
|
|a Švec, Andrej
|4 com
|9 267248
|
| 850 |
|
|
|a Slovenská národná knižnica v Martine
|
| 910 |
|
|
|a bin
|
| 919 |
|
|
|a 80-968602-2-4
|
| 999 |
|
|
|c 3530
|d 5460
|
| 952 |
|
|
|0 0
|1 0
|4 0
|7 0
|a SNK
|b SNK
|d 2004-06-03
|i snkPV 720/2004
|l 0
|o snkČSC 3385/2001
|p 17A0431043
|r 2005-01-02 00:00:00
|w 2026-02-21
|y PREZ
|
| 952 |
|
|
|0 0
|1 0
|4 0
|7 0
|a SNK
|b SNK
|d 2004-06-03
|i snkPV 721/2004
|l 0
|o snkČSC 3385/2001 D1
|p 17A0431044
|r 2005-01-02 00:00:00
|w 2026-02-21
|y PREZ
|